• 首页
  • 本馆介绍
  • 公告通知
  • 最新文献
  • 馆藏检索
  • 电子资源
  • 读者导购
  • 参考咨询
  • 我的图书馆
  • 登录
  • 详细信息显示
  • 放入我的书架
  • 预约/预借图书
  • 作者相关作品
  • 分类相关作品
  • 丛书相关作品
  • 出版社相关作品

书目信息

  • 表格格式
  • 工作单格式
  • 卡片格式
题名:
丝网技法
    
 
作者: 余橘 著
分册:   花艺篇、动物篇
出版信息: 上海   上海科学技术文献出版社  2006
页数: 96页
开本: 19×21cm
丛书名:
单 册:
中图分类: J529
科图分类:
主题词: 工艺美术--技法(美术) , 工艺美术
电子资源:
ISBN: 7-5439-2936-8
000 00775nam0 2200241 450
001 012007885991
005 20070515112409.50
010    @a7-5439-2936-8@dCNY18.00
100    @a20070423d2006 km y0chiy0120 ea
101 0  @achi
102    @aCN@b310000
105    @aa z 000yy
106    @ar
200 1  @a丝网技法@Asi wang ji fa@i花艺篇、动物篇@f余橘著@Fyu ju zhu
210    @a上海@c上海科学技术文献出版社@d2006
215    @a96页@c彩图@d19×21cm
330    @a本书作者长期从事丝网制作的教学工作,对如何制作丝网作品和丝网 制作的教学都有丰富的经验。全书分为花艺篇、动物篇等,详细记录了最新的丝网花材料等。
606 0  @a工艺美术@x技法(美术)
606 0  @a工艺美术
690    @aJ529@v4
701  0 @a余橘@Ayu ju@4著
801  0 @aCN@bRULIN@c20070515
905    @dJ529@e205@s8
    
    丝网技法.花艺篇、动物篇/余橘著.-上海:上海科学技术文献出版社,2006
    96页:彩图;19×21cm
    
    
    ISBN 7-5439-2936-8:CNY18.00
    本书作者长期从事丝网制作的教学工作,对如何制作丝网作品和丝网 制作的教学都有丰富的经验。全书分为花艺篇、动物篇等,详细记录了最新的丝网花材料等。
●
相关链接 在E读中查询图书 在五车中查询图书 在当当中查询图书 在豆瓣中查询图书


正题名:丝网技法     索取号:J529/205         预约/预借

序号 登录号 条形码 馆藏地/架位号 状态 备注
1 0570425   205704255   第一样本阅览室/ [索取号:J529/205] 在馆    
2 0570426   205704264   第一借阅区/ [索取号:J529/205] 在馆    
3 0570427   205704273   第一借阅区/ [索取号:J529/205] 在馆    
4 0570428   205704282   第一借阅区/ [索取号:J529/205] 在馆    
5 0570429   205704291   第一借阅区/ [索取号:J529/205] 在馆    
6 0570430   205704308   第一借阅区/ [索取号:J529/205] 在馆    
7 0570431   205704317   第一借阅区/ [索取号:J529/205] 在馆    
8 0570432   205704326   第一借阅区/ [索取号:J529/205] 在馆    
唐山师范学院图书馆 欢迎您!
大连网信软件有限公司© 版权所有